Origins of Virtue (Record no. 17539)

MARC details
000 -LEADER
fixed length control field 00618nam a2200241 a 4500
020 ## - INTERNATIONAL STANDARD BOOK NUMBER
ISBN
082 00 - DEWEY DECIMAL CLASSIFICATION NUMBER
Classification number 303.5
Author Cutter RID
100 ## - MAIN ENTRY--AUTHOR NAME
Author name Ridley, Matt
245 ## - TITLE STATEMENT
Title Origins of Virtue
Sub title Human Instincts and the Evolution of Cooperation
260 ## - PUBLICATION, DISTRIBUTION, ETC. (IMPRINT)
Place of publication New Delhi, India
Name of publisher Penguin Books
Year of publication 1996
300 ## - PHYSICAL DESCRIPTION
Number of Pages 295p
500 ## - GENERAL NOTE
General note includes index and biblioraphy
505 2# - FORMATTED CONTENTS NOTE
Formatted contents note notes, index
650 ## - SUBJECT ADDED ENTRY--TOPICAL TERM
Topical Term Evolution
942 ## - ADDED ENTRY ELEMENTS (KOHA)
Koha item type Books
700 1# -
-- Ridley, Matt
Holdings
Collection code Home library Current library Date acquired Cost, normal purchase price Full call number Accession Number Koha item type
  Henry Martyn Institute Library Henry Martyn Institute Library 03/13/2009 100.00 303.5 RID 11001701 Books
                   Copyright © 2026 | Henry Martyn Institute | Hyderabad | TS-500052 | INDIA | Implemented by hmi.edu.in
Hit-Count:

Powered by Koha